000 00372nam a2200109Ia 4500
008 171204s9999 xx 000 0 und d
245 4 _aThe Disabled Child's Participation Rights:
245 _cAnne-Marie Callus and Ruth Farrugia
260 _c2016
650 _xSPED 11 Psychological and Physical Knowledge Approach
856 _uhttp://down.ebook777.com/039/1472428579.pdf
999 _c346578
_d346578